Welcome to the Holygrace Academy Library

Please use search bar below to get started

PETER PAN (Record no. 3441)

MARC details
000 -LEADER
fixed length control field 00300nam a22001337a 4500
020 ## - INTERNATIONAL STANDARD BOOK NUMBER
ISBN 817826305-X
082 ## - DEWEY DECIMAL CLASSIFICATION NUMBER
Classification number 823
Item number ROH/P
100 ## - MAIN ENTRY--AUTHOR NAME
Personal name ROHAN BOOK COMPANY
245 ## - TITLE STATEMENT
Title PETER PAN
260 ## - PUBLICATION, DISTRIBUTION, ETC. (IMPRINT)
Place of publication DELHI
Name of publisher ROHAN BOOK COMPANY
Year of publication 2003
300 ## - PHYSICAL DESCRIPTION
Number of Pages 218
650 ## - SUBJECT ADDED ENTRY--TOPICAL TERM
Topical Term CHILDRENS STORY BOOK
Geographic subdivision INDIA
942 ## - ADDED ENTRY ELEMENTS (KOHA)
Koha item type Books
Holdings
Withdrawn status Lost status Collection code Home library Current library Shelving location Date acquired Source of acquisition Cost, normal purchase price Full call number Accession Number Koha item type
    Fiction Main Library Main Library SHELF-13-C-ROHAN BOOKS(MODERN ILLUSTRATED CLASSICS 26/10/2006 purchase 30.00 823 ROH/P 02424 Books